Scandinavian Players Who Have Won Champions League - Statistics

General Stats
  • This quiz has been taken 28 times
  • The average score is 5 of 15
Answer Stats
Year Answer % Correct
2006 Larsson
58%
1995 Litmanen
50%
1999 Solskjaer
50%
1999 Schmeichel
46%
1994 Laudrup
38%
1999 Berg
35%
2005 Hyypia
35%
1999 Johnsen
35%
2005 Riise
31%
1999 Blomqvist
23%
2003 Tomasson
23%
1991 Andersson
19%
2003 Helveg
12%
2003 Laursen
12%
1999 Pedersen
0%
No matching quizzes found
Score Distribution
Percent of People with Each Score
Percentile by Number Answered
Your Score History
You have not taken this quiz